| 000 | 00550nam a2200193 a 4500 | ||
|---|---|---|---|
| 005 | 20240910064158.0 | ||
| 008 | 991125s1957 mx 000 0 spa u | ||
| 035 | _aUPN01000019717 | ||
| 049 | _aCG | ||
| 050 | 4 |
_aBD450 _bG6.3 |
|
| 100 | 1 |
_aGoméz Robledo, Antonio, _d1908-1994 _910520 |
|
| 245 | 1 | 0 |
_aEnsayo sobre las virtudes intelectuales / _cAntonio Gómez Robledo. |
| 260 |
_aMéxico : _bFCE, _c1957. |
||
| 300 | _a242 p. | ||
| 440 | 0 | _aDiánoia | |
| 650 | 4 |
_aAntropología filosófica _94784 |
|
| 650 | 7 |
_aOntología _2 _913636 |
|
| 905 | _aLibro | ||
| 999 |
_c19717 _d19717 |
||